000 00360nam a22001457a 4500
003 OSt
005 20220218102132.0
008 220218b |||||||| |||| 00| 0 eng d
020 _a9788120334168
040 _cH U
082 _24th
_a660.28.2
100 _aScott Fogler H.
_930822
245 _aElements Of Chemical Reaction Engineering
942 _2ddc
_cBOOKS
_n0
999 _c30777
_d30777